Cryptanalysis of number theoretic chiphers
Na minha lista:
| Autor principal: | |
|---|---|
| Formato: | Livro |
| Idioma: | inglês |
| Publicado em: |
Boca Raton :
Chapman and Hall,
2002
|
| Assuntos: | |
| Tags: |
Sem tags, seja o primeiro a adicionar uma tag!
|
MARC
| LEADER | 00000nam a22000003a 4500 | ||
|---|---|---|---|
| 001 | stu82949 | ||
| 005 | 20150617225638.7 | ||
| 008 | 031217s2002----xxu-----------------eng-d | ||
| 020 | |a 1-58488-153-4 | ||
| 040 | |a STU |b slo | ||
| 041 | 0 | |a eng | |
| 044 | |a xxu | ||
| 080 | |a 519.72 | ||
| 080 | |a 681.325.04 | ||
| 084 | |a B6120D |2 INS | ||
| 084 | |a C1260C |2 INS | ||
| 084 | |a C6130S |2 INS | ||
| 084 | |a D1060 |2 INS | ||
| 100 | 1 | |a Wagstaff, Samuel S. |4 aut | |
| 245 | 1 | |a Cryptanalysis of number theoretic chiphers | |
| 260 | |a Boca Raton : |b Chapman and Hall, |c 2002 | ||
| 300 | |a 318 s | ||
| 650 | 7 | |a šifrovanie |2 stusub | |
| 650 | 7 | |a ochrana dát |2 stusub | |
| 650 | 7 | |a zabezpečenie dát |2 stusub | |
| 996 | |b 284EK85132 |c E*85132 |l EE22 |s P |a 0 |w stu82949_0001 | ||